000
00293nam a2200121Ia 4500
005
20260328104337.0
008
260328s9999||||xx |||||||||||||| ||und||
100
_a
Jodidio, Philip
245
0
_a
Santiago Calatrava /
_c
Philip Jodidio
300
_a
175 p.
650
_a
ARQUITECTURA
942
_c
BK
999
_c
11962
_d
11962